| 000 | 00588nam a22001937a 4500 | ||
|---|---|---|---|
| 005 | 20251108165806.0 | ||
| 008 | 250721s1948 xx 000 0 ara d | ||
| 082 | 1 | 4 | _aم/347.9962/حام |
| 100 | 1 | _aشكري، حامد | |
| 245 | 1 | 0 |
_aإنه في يوم : _bقواعد و مبادئ تتصل بإجراءات الإعلان... / |
| 250 | _aط2 | ||
| 264 | 1 |
_aالقاهره : _bمكتبة النهضة المصرية، _c1948. |
|
| 300 | _a509ص | ||
| 650 | 1 | 7 | _aالنظام القضائي |
| 650 | 1 | 7 | _aالمحاكم |
| 650 | 1 | 7 | _aمصر |
| 942 |
_2ddc _cREF |
||
| 999 |
_c31413 _d31413 |
||